| 000 | 01184nam a22003012 4500 | ||
|---|---|---|---|
| 001 | 20108 | ||
| 003 | BD-RjUL | ||
| 005 | 20211209000524.0 | ||
| 008 | 140226s1976 ii 001 0 eng d | ||
| 035 | _aBD-RjUL)20170 | ||
| 040 |
_aDLC _cTOL _dEQO _dBD-RjUL _beng |
||
| 041 | _aeng | ||
| 082 | 0 | 4 |
_a660.76 _bBAS 1976 |
| 100 | 1 |
_aBhatt, B. L _d1857- _961935 |
|
| 245 | 1 | 0 |
_aStoichiometry / _cby B. L. Bhatt and S. M. Vora |
| 260 |
_aLondon ; _aNew York ; _aBombay ; _aCalcutta : _bLongmans, Green, and co., _c1976 |
||
| 300 |
_alxi, 398, [1] p. : _billus., tables, diagrs. ; _c20 cm. |
||
| 490 | 1 | _aText-books of physical chemistry | |
| 500 | _a"This introduction was originally prefixed to Dr. Findlay's 'Phase rule', which was the first volume of the series issued. It belongs properly, however, to this volume, and is therefore included here."-- Note, p. vii. | ||
| 500 | _aIntroduction issued also separately in 1904. | ||
| 504 | _aIncludes Index | ||
| 650 | 0 |
_aChemistry, Physical and theoretical. _961936 |
|
| 700 | 1 |
_aVora, S. M. _d1852-1916. _961937 |
|
| 830 | 0 |
_aText-books of physical chemistry _961939 |
|
| 942 |
_2ddc _cBK |
||
| 999 |
_c20108 _d20108 |
||